00626nam a2200205Ia 450000500170000000800410001702000230005804000190008104100120010008200160011224500820012825000430021026000690025330000170032263000140033965000150035365100170036870000250038585000100041020231202081810.0131103s9999 xx 000 0 und d a143027689cRs. 195 aLoreto College aEnglish a793.73bBAS aMastermind India3 Questions and Answers from the BBC World TV Quiz Game b  aEdited and compiled by Siddhartha Basu aNew DelhibPenguin Books in association with BBC Worldwidec2001 a507p, 20 cm. aQuizzes  aRecreation aIndoor Games aBasu, Siddhartha, ed aLCLIB